Excel 2000 en un solo libro, para PC IBM y compatibles

Uloženo v:
Podrobná bibliografie
Hlavní autor: Strizinec, Gabriel (Autor)
Médium: Kniha
Jazyk:španělština
Vydáno: Santiago Lom 1999
Témata:
Tagy: Přidat tag
Žádné tagy, Buďte první, kdo vytvoří štítek k tomuto záznamu!

MARC

LEADER 00000nam a2200000 a 4500
001 UCN4948
003 CL-VaPUC
008 010817e19990000CL |||||||||||||||||spa|d
082 0 4 |a 005.369  |b STR  |2 21 
100 0 |a Strizinec, Gabriel  |e author  |9 461077 
245 1 0 |a Excel 2000 en un solo libro, para PC IBM y compatibles 
300 |a 316 p 
942 |c BK 
945 |d 20010817 00:00:00  |a vberengu 
260 |a Santiago  |b Lom  |c 1999 
650 0 |a Software computacional   |9 384784 
650 7 |a EXCEL 2000  |2 CL-VaPUC  |9 453440 
650 0 |a Programas de computadores   |9 260046 
583 |a last modification  |c 20010817 00:00:00  |k Rodrigo Vera 
999 |c 296787  |d 296785 
952 |0 0  |1 0  |4 0  |6 005_369000000000000_STR_1999  |7 0  |8 A  |9 350958  |a BIBHIS  |b BIBHIS  |d 2019-11-20  |i 3744604  |o 005.369 STR 1999  |p 3744604  |r 2025-01-20  |w 2019-11-20  |y BK  |k HIS